000 00844nam a2200241 i 4500
003 DO-SdBNP
005 20250617140555.0
007 ta
008 250617s2007 dr a 000 0 spa d
040 _aDO-SdBNP
_bspa
_cBNPHU
_erda
082 _axxxx
_bS211p
_222
100 1 _aSánchez, Federico,
_d1953-
_926445
_eautor
_4aut.
245 1 3 _aLa publicidad... en trance :
_b...entre la barra de la defensa... y el banquillo de los acusados /
_cFederico Sánchez.
264 1 _aSanto Domingo :
_bEditora CrediLibsa,
_c2007.
300 _a71 páginas :
_bilustraciones
_c21 cm.
336 _atexto
_btxt
_2rdacontent
337 _asin mediación
_bn
_2rdamedia
338 _avolumen
_bnc
_2rdacarrier
500 _aIncluye datos biográficos del autor en la página 75.
590 _aInventariado, 2025/ YL
910 _aYLockward
942 _2ddc
_cLBS1
999 _c59318
_d59318